000 00351nam a2200145Ia 4500
005 20251222151328.0
008 251222s9999||||xx |||||||||||||| ||spa||
020 _a8479011114
082 _a617.585/V71
100 _aVinyes, Frederic
245 0 _aLa Respuesta está en los Pies:
250 _a13a. ed.
264 _bRBA Libros, S.A.
942 _cLIB
999 _c24002
_d24002